| 000 | 01153cam a22003377a 4500 | ||
|---|---|---|---|
| 003 | CHAP | ||
| 005 | 20220329133226.0 | ||
| 008 | 971013s1987 r 00010 d | ||
| 010 | _a3621 | ||
| 011 | _a4593 | ||
| 035 | _a3797 | ||
| 040 | _cCHAP | ||
| 090 | _aFolleto 12953 | ||
| 110 |
_aTabacos Mexicanos, S. A. de C. V. _9111261 |
||
| 245 | 0 | _aPrograma de contingencia "Zafra de la corresponsabilidad" Nayarit, Jalisco y Sinaloa ciclo agrícola 1987-1988 | |
| 260 |
_a[México, D. F.] : _bTABAMEX, _c1987 |
||
| 300 |
_a98 p. _b; gráfs |
||
| 590 |
_aBATCH-UPD _b10 _c20130110 _lUCH01 _h1200 |
||
| 590 |
_aBATCH-UPD _b10 _c20130410 _lUCH01 _h0743 |
||
| 590 |
_aBATCH-UPD _b10 _c20130914 _lUCH01 _h1052 |
||
| 590 |
_aCONVERSION _b10 _c20130109 _lUCH01 _h1303 |
||
| 650 | 1 | 4 |
_aCosechas _xPérdidas de. _928443 |
| 650 | 1 | 4 |
_aTabaco _xJalisco. _9111226 |
| 650 | 1 | 4 |
_aTabaco _xNayarit. _9111231 |
| 650 | 1 | 4 |
_aTabaco _xSinaloa. _9111245 |
| 901 | _aBK | ||
| 942 | _cFOLL | ||
| 949 |
_aFolleto 12953 _bBC _cFOLL _d-13325 _eTS1 _i3797 _si |
||
| 949 |
_aFolleto 12953 _bBC _cFOLL _d-73322 _eTS2 _fc.2 _i3797 _si |
||
| 949 |
_aFolleto 12953 _bBC _cFOLL _d-73323 _eTS2 _fc.3 _i3797 _si |
||
| 999 |
_c3621 _d3621 |
||